Statistics for Milwaukee Bucks NBA Champions

Click here to take the quiz!

General Stats

  • This quiz has been taken 7 times
  • The average score is 5 of 12

Answer Stats

Titles Player % Correct
1Oscar Robertson
100%
1Kareem Abdul-Jabbar
100%
1Greg Smith
71%
1Bob Dandridge
57%
1Lucius Allen
43%
1Jon McGlocklin
43%
1Bob Boozer
14%
1Dick Cunningham
14%
1Bob Greacen
14%
1McCoy McLemore
14%
1Jeff Webb
14%
1Marv Winkler
14%

Score Distribution

Percentile by Number Answered

Percent of People with Each Score

Your Score History

You have not taken this quiz